In the Name of Entrepreneurship? (Record no. 352212)
[ view plain ]
| 000 -LEADER | |
|---|---|
| fixed length control field | 00607nam a2200133Ia 4500 |
| 008 - FIXED-LENGTH DATA ELEMENTS--GENERAL INFORMATION | |
| fixed length control field | 171212s9999 xx 000 0 und d |
| 020 ## - INTERNATIONAL STANDARD BOOK NUMBER | |
| International Standard Book Number | 9780833042040 |
| 100 ## - MAIN ENTRY--PERSONAL NAME | |
| Personal name | Gates, Susan M.;Leuschner, Kristin J. |
| 245 ## - TITLE STATEMENT | |
| Statement of responsibility, etc | Gates, Susan M.;Leuschner, Kristin J. |
| Title | In the Name of Entrepreneurship? |
| Remainder of title | The Logic and Effects of Special Regulatory Treatment for Small Business |
| 260 ## - PUBLICATION, DISTRIBUTION, ETC. (IMPRINT) | |
| Name of publisher, distributor, etc | RAND Corporation |
| Date of publication, distribution, etc | 2007 |
| 650 ## - SUBJECT ADDED ENTRY--TOPICAL TERM | |
| Topical term or geographic name as entry element | Health Sciences |
| 650 ## - SUBJECT ADDED ENTRY--TOPICAL TERM | |
| Topical term or geographic name as entry element | Small business -- Government policy -- United States; Small business -- Law and legislation -- United States |
| 856 ## - ELECTRONIC LOCATION AND ACCESS | |
| Uniform Resource Identifier | <a href="www.jstor.org/stable/10.7249/mg663emkf">www.jstor.org/stable/10.7249/mg663emkf</a> |
| Withdrawn status | Lost status | Damaged status | Home library | Current library | Date acquired | Total Checkouts | Full call number | Date last seen | Price effective from | Koha item type |
|---|---|---|---|---|---|---|---|---|---|---|
| College Library | College Library | 12/12/2017 | HD2346.U5I546 2007 | 12/12/2017 | 12/12/2017 | Curriculum - Based eBooks |